Analýza marginálnych stredných hodnôt ekvivalentného disponibilného príjmu členov slovenských domácností v programovacích jazykoch SAS a R diplomová práca

Salvato in:
Dettagli Bibliografici
Autore principale: Bániková, Sofia
Ente Autore: Fakulta hospodárskej informatiky EU. Katedra štatistiky
Altri autori: Šoltés, Erik, 1974-
Natura: Libro
Lingua:slovacco
Pubblicazione: Bratislava 2023
Tags: Aggiungi Tag
Nessun Tag, puoi essere il primo ad aggiungerne!!

MARC

LEADER 00000nbm a2200000 4500
001 0294004
005 20240311142836.4
041 0 |a slo 
044 |a SK 
245 1 0 |a Analýza marginálnych stredných hodnôt ekvivalentného disponibilného príjmu členov slovenských domácností v programovacích jazykoch SAS a R  |b diplomová práca  |c Sofia Bániková ; školiteľ: Erik Šoltés 
264 1 |a Bratislava  |c 2023 
300 |a 75 s. 
100 1 |a Bániková, Sofia 
700 1 |a Šoltés, Erik, 1974- 
710 2 |a Fakulta hospodárskej informatiky EU. Katedra štatistiky